| 000 | 00962nam a2200289 4500 | ||
|---|---|---|---|
| 001 | 0000015018 | ||
| 003 | CO-CtgCURN | ||
| 005 | 20250329191012.0 | ||
| 007 | ta | ||
| 008 | 160627s1994 000 0 eng d | ||
| 020 | _a9701005236 | ||
| 040 |
_aCO-CtgCURN _bspa _ccoctgcurn |
||
| 082 | 0 |
_a658.4 _bH99r |
|
| 100 | 1 | _aHyland, Bruce N. | |
| 245 | 1 | 0 |
_aReflexiones para los gerentes / _cBruce N. Hyland y Merle J. Yost. |
| 260 |
_aMexico : _bMcGraw-hill, _c1994. |
||
| 300 | _axiii, 143 p. | ||
| 336 | _2rdacontent | ||
| 337 |
_2rdamedia _asin mediacion _bn |
||
| 338 |
_2rdacarrier _avolumen _bnc |
||
| 505 | 8 | _aSensibilidad.--Política de la compañia.--Liderazgo.--La perspectiva amplia.--Desarrollo del equipo.--Dia a dia.--Tecnica.--Imagen | |
| 650 | 1 | 4 | _aAdministración de empresas. |
| 700 | 1 | _aYost, Merle J. | |
| 908 | _a160627 | ||
| 942 |
_cBK _h658.4 _iH99r _2ddc |
||
| 999 |
_c10791 _d10791 |
||